000 00925nam a2200265 i 4500
001 87072
003 ES-MaACL
005 20250415213637.0
007 t|
008 041220s1975 sp ||||1| spa d
020 _a84-344-0767-1
080 _a1 Marx, Karl
100 1 _aKorsch, Karl.
_968610
245 1 0 _aKarl Marx /
_cKarl Korsch ; traducción castellana de Manuel Sacristán de la edición preparada por Götz Langkau para el Instituto de Historia Social.
260 _aBarcelona :
_bAriel,
_c[1975]
300 _a302 p. ;
_c18 cm.
490 1 _aAriel quincenal ;
_v100
500 _aBiblioteca Juan Andrade.
600 1 4 _aMarx, Karl,
_d1818-1883-
_xCrítica e interpretación
_978591
700 1 _aSacristán, Manuel,
_d1925-1985
_9101268
830 0 _aAriel quincenal ;
_v100
_9180806
852 _aES-MaACL
_jE-8691
_bR.92908
852 _aES-MaACL
_jAND-857
_bR.110146
999 _c87072
_d87072